000 00405nam a2200145 i 4500
001 85828
003 ES-MaACL
007 t|
008 041202s1910 xxu ||||1| eng d
100 1 _aKeary, Charles Francis.
_967696
245 1 4 _aThe pursuit of reason /
_cCharles Francis Keary.
260 _aCambridge :
_b[s.n.,
_c1910] (
_fJohn Clay)
300 _aVIII, 456 p. ;
_c22 cm.
852 _aES-MaACL
_jC-712
999 _c85828
_d85828